000 01365nam0a22002891 4500
001 rc\3619350
005 20250610052007.0
021 _aRU
_b71-95839
021 _aRU
_bРг4073-72
035 _a(NLR Aleph) 007716818
090 _a6907727
_c6907727
100 _a20130115d1971 |||y0rusy50 ca
101 0 _arus
102 _aRU
105 _ay z |||||
200 1 _aОсновные направления комплексной механизации строительства коллекторных тоннелей подземным способом
_eТезисы доклада, 22 ноября 1971 г.
_fВДНХ СССР. Науч.-техн. конф. "Проектирование и стр-во коммун. тоннелей"
210 _aМосква
_cБ. и.
_d1971
215 _a20 с.
_d21
300 _aПеред загл. авт.: д. т. н., проф. Д.И. Малиованов
700 1 _aМалиованов
_bД.И.
_f1911-
_gДаниил Исаакович
712 1 2 _a"Проектирование и строительство коммунальных тоннелей", научно-техническая конференция
_eМосква
_f1971
_9672709
_3RU\NLR\AUTH\880506377
801 0 _aRU
_bNLR
_gpsbo
801 1 _aRU
_bELAR
_2rusmarc
852 _aNLR
_j72-4/5363
942 _cBOOK
980 _aNB